Loading...

Correlation between seed and seedling characters of selected species of terminalia

Bibliographic Details
Main Author: Abdul Assis
Format: Report
Language:Undetermined
Published: 1991
LEADER 00532nam a2200181Ia 4500
008 141004s9999 xx 000 0 und d
040 |c a 
041 |a English 
082 |a PR 
082 |b ABD 
100 |a  Abdul Assis 
245 |a Correlation between seed and seedling characters of selected species of terminalia 
245 |c  Abdul Assis 
260 |c 1991 
300 |b 29.5 cm 
942 |c PR 
999 |c 175718  |d 175718 
952 |0 0  |1 0  |4 0  |6 PR_ABD  |7 0  |8 SEE  |9 180691  |a KAUCOF  |b KAUCOF  |o PR ABD  |p KAU_COF-PR-22   |r 2014-10-04  |w 2014-10-04  |y PR